The state in medieval Kashmir (Record no. 393275)

000 -LEADER
fixed length control field 00369cam a22001337a 4500
008 - FIXED-LENGTH DATA ELEMENTS--GENERAL INFORMATION
fixed length control field 180718b2000 xxu||||| |||| 00| 0 eng d
020 ## - INTERNATIONAL STANDARD BOOK NUMBER
International Standard Book Number 8173042519
082 ## - DEWEY DECIMAL CLASSIFICATION NUMBER
Classification number A6x5431 H193
100 ## - MAIN ENTRY--PERSONAL NAME
Personal name Hangloo, R. L.
245 ## - TITLE STATEMENT
Title The state in medieval Kashmir
Statement of responsibility, etc. by R. L. Hangloo
260 ## - PUBLICATION, DISTRIBUTION, ETC.
Place of publication, distribution, etc. New Delhi
Name of publisher, distributor, etc. Manohar
Date of publication, distribution, etc. 2000
300 ## - PHYSICAL DESCRIPTION
Extent 150p.
650 ## - SUBJECT ADDED ENTRY--TOPICAL TERM
Topical term or geographic name entry element Kashmir - History - 1339-1470
Holdings
Withdrawn status Lost status Damaged status Not for loan Permanent Location Current Location Date acquired Full call number Barcode Date last seen Price effective from Koha item type
        Indian Institute of Public Administration Indian Institute of Public Administration 2000-06-24 A6x5431 H193 75341 2018-07-21 2018-07-21 Book

Powered by Koha